| 000 | 00884cam a2200229 a 4500 | ||
|---|---|---|---|
| 001 | 000014512 | ||
| 005 | 20200929163849.0 | ||
| 008 | 010308s2000 mx 000 0 spa | ||
| 020 | _a9700512207 | ||
| 040 |
_aDO-SdBNP _bspa _cDLC _dBNPHU |
||
| 082 |
_a325.73 _bR175ó |
||
| 100 | 1 |
_aRamos, Jorge, _d1958- _q(Jorge Ramos Ávalos) _932780 |
|
| 245 | 1 | 3 |
_aLa otra cara de América : _bhistorias de los inmigrantes latinoamericanos que están cambiando a Estados Unidos / _cJorge Ramos. |
| 260 |
_aMexico : _bEditorial Grijalbo, _c2000. |
||
| 300 |
_a326 p. ; _c22 cm. |
||
| 651 | 4 |
_aEstados Unidos _xEmigración E Inmigración _9291 |
|
| 651 | 4 |
_aEstados Unidos _xRelaciones Etnicas _932781 |
|
| 651 | 4 |
_aEstados Unidos _xCivilización _xInfluencias Hispanicas _932782 |
|
| 650 | 4 |
_aHispanoamericanos _xCondiciones sociales _932783 |
|
| 910 | _aCatalogación por copia / LC | ||
| 049 | _aBNGR | ||
| 999 |
_c14101 _d14101 |
||